000 00583na a2200205 4500
001 14118
003 MIRAKIL
005 20181213154753.0
008 161101b tu 000 0
040 _aMilas
_btur
_cTR-AnCHP
041 _atur
082 _a956.1015430922
_bÇ25 [t.y.]
090 _a956.1015430922 Ç25 [t.y.]
245 _aÇanakkale'den mektup var
_chaz. Ömer Çakır
260 _aÇanakkale
_bEceabat Kaymakamlığı
_c[t.y.]
300 _a67 s.
_c30 sm.
650 _aSavaş mektupları
650 _aÇanakkale Savaşları, 1915
_xMektuplar
942 _2dcc
_cBKS
999 _c550
_d550